ၵႂၢမ်းလေႃးၵၼီႇတိ / (Record no. 27005)

000 -LEADER
fixed length control field 00829nam a22002297a 4500
003 - CONTROL NUMBER IDENTIFIER
control field OSt
005 - DATE AND TIME OF LATEST TRANSACTION
control field 20260124092151.0
008 - FIXED-LENGTH DATA ELEMENTS--GENERAL INFORMATION
fixed length control field 230710b ||||| |||| 00| 0 eng d
040 ## - CATALOGING SOURCE
Transcribing agency SSBUL
041 ## - LANGUAGE CODE
Language code of text/sound track or separate title Shan
082 ## - DEWEY DECIMAL CLASSIFICATION NUMBER
Classification number 170
100 ## - MAIN ENTRY--PERSONAL NAME
Personal name ၵေႇလႃႇသ
Titles and words associated with a name ၸဝ်ႈသြႃႇ၊ ဢူး
245 ## - TITLE STATEMENT
Title ၵႂၢမ်းလေႃးၵၼီႇတိ /
Statement of responsibility, etc. ၸဝ်ႈသြႃႇဢူးၵေႇလႃႇသ
260 ## - PUBLICATION, DISTRIBUTION, ETC.
Date of publication, distribution, etc. 2014
300 ## - PHYSICAL DESCRIPTION
Extent 344 ၼႃႈ
Dimensions 14 ၸိၼ်ႇထီႇ
500 ## - GENERAL NOTE
General note S-SAT: Dr. Prof Sai Aung Tun
General note ပပ်ႉၸဝ်ႈတႃႇၼႁင်းၶေႃတွၵ်ႉတိူဝ်ႇၸၢႆးဢွင်ႇထုၼ်းလူႇတၢၼ်းဝႆႉ
650 ## - SUBJECT ADDED ENTRY--TOPICAL TERM
Topical term or geographic name entry element ၼီႇတိ
942 ## - ADDED ENTRY ELEMENTS (KOHA)
Koha item type Book (Short term)
100 ## - MAIN ENTRY--PERSONAL NAME
9 (RLIN) 27712
650 ## - SUBJECT ADDED ENTRY--TOPICAL TERM
9 (RLIN) 27713
Source of classification or shelving scheme
Source of classification or shelving scheme
Holdings
Withdrawn status Lost status Source of classification or shelving scheme Damaged status Not for loan Collection Code Permanent Location Current Location Shelving location Date acquired Total Checkouts Full call number Barcode Date last seen Copy number Price effective from Koha item type Accession
          Special Collections Shan State Buddhist University Library Shan State Buddhist University Library Special Collection Shelves 10/07/2023   170 ၵေႇ ႒႓႗႒ S-SAT SH00002372 10/07/2023 1 10/07/2023 Book (Short term) ႒႓႗႒ S-SAT

Library - 09407999929
Admin Office - 09407999979
Dean Office - 09250910768
Registrar Office - 09892297154
Email - [email protected]
Shan State Buddhist University, Phaya Phyu Taunggyi, Shan State, Myanmar.